Previous occupations of U.S. Vice Presidents - Statistics

General Stats
  • This quiz has been taken 20 times
  • The average score is 7 of 10
Answer Stats
Hint Answer % Correct
U.S. Representative R. Johnson | Fillmore | Breckenridge | Colfax | Wheeler | Stevenson | J. Sherman | Garner | Ford
100%
U.S. Senator Tyler | King | Hamlin | H. Wilson | Fairbanks | Curtis | Truman | Barkley | Nixon | L. Johnson | Humphrey | Mondale | Quayle | Gore | Biden | Harris | Vance
100%
U.S. Secretary of War / Secretary of Defense Calhoun | Cheney
83%
State Governor G. Clinton | Gerry | Tompkins | A. Johnson | Hendricks | Morton | T. Roosevelt | T. Marshall | Coolidge | Agnew | Rockefeller | Pence
83%
Director of the CIA G. H. W. Bush
83%
U.S. Secretary of State Jefferson | Van Buren
67%
Collector of the Port of New York Arthur
58%
U.S. Ambassador or Diplomat J. Adams | Dallas | Dawes
58%
State Legislator Burr | Hobart
42%
U.S. Secretary of Agriculture H. Wallace
25%
No matching quizzes found
Score Distribution
Percent of People with Each Score
Percentile by Number Answered
Your Score History
You have not taken this quiz